| 000 | 00779nam a2200241Ia 4500 | ||
|---|---|---|---|
| 003 | OSt | ||
| 005 | 20220923211058.0 | ||
| 006 | a|||||r|||| 00| 0 | ||
| 007 | ta | ||
| 008 | Pun | ||
| 020 | _a8178561026 (hbk) | ||
| 024 | _a235,035 | ||
| 037 | _cTextual | ||
| 040 |
_aARTS _cARTS _bPun |
||
| 041 |
_2Pun _aPun |
||
| 082 | _aQ8441:33x:g, 153P4 | ||
| 100 |
_aਬ੍ਰਹਮਜਗਦੀF ਸਿੰਘ _9157959 |
||
| 245 | 0 | _aਸਿਧ ਗੋਸਟਿ* ਪਾਠ, ਪ੍ਰਸੰਗ ਅਤੇ ਪ੍ਰਵਚਨ | |
| 260 |
_aਅੰਮ੍ਰਿਤਸਰ _b ਵਾਹਿF Fਾਹ ਖ਼ਾਉ੍ਵਡੇFਨ _c2004 |
||
| 300 |
_a144ਪੰ _ccm. |
||
| 942 |
_hQ8441:33x:g, 153P4 _cTEXL _2CC |
||
| 999 |
_c294929 _d294929 |
||